Loading...
| Fine Arts - Classical Music | 5 | 24.00 | 3,960% | 660% | 840% |
| Fine Arts - Other | 3 | 6.67 | 0% | 0% | 500% |
| Fine Arts - Painting & Sculpture | 3 | 6.67 | 2,700% | 0% | 300% |
| History - American | 3 | 0.00 | 0% | 0% | 0% |
| History - European | 4 | 7.50 | 0% | 425% | 200% |
| History - Other | 4 | 12.50 | 900% | 450% | 425% |
| History - World | 8 | 11.25 | 3,275% | 313% | 213% |
| Literature - American | 4 | 7.50 | 900% | 225% | 200% |
| Literature - British | 4 | 12.50 | 1,225% | 450% | 450% |
| Literature - European | 5 | 14.00 | 3,240% | 680% | 180% |
| Literature - World | 6 | 6.67 | 2,700% | 283% | 0% |
| Mythology | 2 | 5.00 | 0% | 0% | 350% |
| Other | 5 | 16.00 | 4,940% | 480% | 120% |
| Philosophy | 2 | 10.00 | 0% | 0% | 750% |
| Religion | 7 | 14.29 | 2,371% | 457% | 357% |
| Science - Biology | 5 | 12.00 | 3,880% | 180% | 360% |
| Science - Chemistry | 4 | 17.50 | 3,625% | 425% | 625% |
| Science - Other | 4 | 10.00 | 2,025% | 425% | 225% |
| Science - Physics | 7 | 14.29 | 2,586% | 0% | 786% |
| Social Science | 4 | 10.00 | 2,025% | 425% | 175% |